Устав на Шивачното акционерно спестително дружество "Економия" в гр. Русе (Запис номер 159463)
[ съкратено ]
| 000 -Лидер | |
|---|---|
| Контролно поле с фиксирана дължина | 02426nam a2200433 a 4500 |
| 003 - Код на организацията, давaща контролен номер | |
| Контролно поле | BLK |
| 005 - Дата и час на последна редакция | |
| Контролно поле | 20250123102430.0 |
| 008 - Елементи от данни с фиксирана дължина | |
| fixed length control field | 180410b bul|||||r ||||||| ||bul|| |
| 010 ## - Наследен системен номер | |
| LC control number | KNG00166632000 |
| 040 ## - Източник на каталожния запис | |
| Идентификатор на билиотеката - собственик на записа | BLK |
| 041 ## - Код за език | |
| Код за езика на текст/звукозапис или на отделно заглавие | Български |
| Код за езика КДБФ | Български |
| 072 #7 - Код за тематичната категория | |
| Код организация | bullib |
| Код за тематична категория | К |
| Текст | Краезнание |
| 072 #7 - Код за тематичната категория | |
| Код организация | bullib |
| Код за тематична категория | Ц |
| Текст | Редки и ценни |
| 080 ## - УДК | |
| Текстов определител УДК | Кредит. Функции на кредита в националната икономика. Финансов лизинг. Кредитни дружества и банки. Безлихвени заеми и др. |
| УДК код - определител по УДК | 336.77 |
| УДК определител | (497.215) |
| УДК - код + определител | 336.77(497.215) |
| 110 1# - Редна дума - колетивен орган | |
| Редна дума - наименование на организация или юридическо лице | Шивачно Акционерно спестително д-во Економия. Русе |
| 9 (RLIN) | 3088 |
| 139 ## - Редно поле | |
| Редна дума | Шивачно Акционерно спестително д-во Економия. Русе |
| Авторски знак | Шивач - Ш 62 |
| 245 10 - Сведения за заглавието | |
| Заглавие | Устав на Шивачното акционерно спестително дружество "Економия" в гр. Русе |
| 257 ## - Страна на издаване | |
| Страна на създаване/издаване | България |
| 260 ## - Област на издателските данни | |
| Година на издаване | 1896 |
| Печатница | Русе : скоропеч. на Ст. Ив. Роглев |
| Място на издаване, разпространение и проч. | Русе |
| 300 ## - Физическа характеристика | |
| Страници | 15 с. |
| Размери/Мащаб | 20 см |
| 380 ## - Жанр | |
| Жанр | Обществени науки |
| 500 ## - Общи забележки | |
| Забележка | С изм. и доп., приети от Извънредното Общо Събрание, държано в гр. Русе на 28 апр. 1896 г., утвърдени с Височайший Указ под № 73 от 21 юни 1896 г. |
| 650 #4 - Допълнително описание по предмет – тема | |
| Основно описание – тема или топоним | Дружества - България - устави |
| 9 (RLIN) | 321730 |
| 650 #4 - Допълнително описание по предмет – тема | |
| Основно описание – тема или топоним | Дружества, акционерни - Русе - устави |
| 9 (RLIN) | 334504 |
| 651 #4 - Допълнително описание по предмет - топоним | |
| Географско понятие | България |
| 9 (RLIN) | 241624 |
| 651 #4 - Допълнително описание по предмет - топоним | |
| Географско понятие | Русе |
| 9 (RLIN) | 179462 |
| 653 ## - Ключова дума – ненормативна | |
| Ключова дума | дружества |
| 653 ## - Ключова дума – ненормативна | |
| Ключова дума | акционерни дружества |
| 653 ## - Ключова дума – ненормативна | |
| Ключова дума | устави |
| 659 ## - Тематичен бюлетин | |
| Тематичен бюлетин | К |
| 659 ## - Тематичен бюлетин | |
| Тематичен бюлетин | Ц |
| 852 ## - Местоположение | |
| Форматна сигнатура | К 336/Ш 62 |
| Фондова буква | Краезнание |
| 856 ## - Електронен адрес и достъп | |
| Име на файл | Устав на Шивачното акционерно спестително дружество "Економия" |
| Права за достъп | Достъп за регистрирани потребители |
| Електронен формат | pdf - файл |
| Допълнителна информация (Корица, съдържание, пълен текст, звуков файл, HTML файл) | Електронна книга |
| Информация за съдържанието | Устав на Шивачното акционерно спестително дружество "Економия" |
| Път до файла /url/ | http://185.138.176.146:18082/cgi-bin/koha/opac-retrieve-file.pl?id=8c93735d5b478a093e24290fd6ae9acf |
| 942 ## - АРТИКУЛИ | |
| Вид на библиотечния материал | Книги |
| Скрит в OPAC | Не |
| Периодичен библиозапис | Да |
| Koha issues (borrowed), all copies | 1 |
| 944 ## - СЪЗДАВАНЕ И РЕДАКЦИЯ на ЗАПИСА | |
| Създаване/Редакция | Създаване |
| Дата на регистрацията/редакция | 30.10.2014 |
| Статус, дата на статуса | Валя Йорданова |
| Служител, извършил регистрацията/редакцията | 30558 |
| 944 ## - СЪЗДАВАНЕ И РЕДАКЦИЯ на ЗАПИСА | |
| Създаване/Редакция | Редакция |
| Дата на регистрацията/редакция | 2023-05-10 |
| Статус, дата на статуса | 2023-05-10 |
| 999 ## - СИСТЕМНИ КОНТРОЛНИ НОМЕРА | |
| Koha biblionumber | 159463 |
| Koha biblioitemnumber | 159463 |
| 999 ## - СИСТЕМНИ КОНТРОЛНИ НОМЕРА | |
| Koha biblioitemnumber | 159463 |
| 999 ## - СИСТЕМНИ КОНТРОЛНИ НОМЕРА | |
| Koha biblioitemnumber | 159463 |
| Код за отписване | Код за изгубен артикул | Източник на класификационната схема | Код за повреда | Коз за рестрикции | Код за отдаване | Артикулен № | Име на библиотеката - собственик | Име на библиотеката, в която се намира в момента | Статус (Текущо местоположение) | Дата на вписване в системата | Местоположение - отдел | Цена в лева | Инвентарен номер | Систематично азбучна сигнатура | Баркод | Номер на екземпляра | Цена в евро | Служебна бележка | Служебен тип на артикула |
|---|---|---|---|---|---|---|---|---|---|---|---|---|---|---|---|---|---|---|---|
| Не е изгубен | Universal Decimal Classification | Не е повреден | само за читалня | ползва се в читалня | 266425 | Регионална библиотека "Любен Каравелов" Русе | Регионална библиотека "Любен Каравелов" Русе | Краезнание | 1896-01-01 | Краезнание | 0.01 | 13026 | К 336/Ш 62 | 900000097154 | 1 | 0.01 | N: Сф Дата: 01.01.1896 Дата инв: 08.11.2017 Бележки инв: К2017 | Книги |